[Event "EYCC 2024 - G18"]
[Site "?"]
[Date "2024.08.28"]
[Round "6.1"]
[White "Alexandri, Dimitra"]
[Black "Orian, Noga"]
[Result "0-1"]
[BlackElo "2201"]
[WhiteElo "2008"]
[LiveChessVersion "1.4.8"]

1. d4 {[%clk 1:30:57]} d5 {[%clk 1:30:56]} 2. c4 {[%clk 1:31:18]} e6
{[%clk 1:31:22]} 3. Nc3 {[%clk 1:31:41]} Nf6 {[%clk 1:31:48]} 4. Nf3
{[%clk 1:32:03]} Bb4 {[%clk 1:30:42]} 5. Qa4+ {[%clk 1:32:20]} Nc6
{[%clk 1:31:07]} 6. e3 {[%clk 1:32:21]} Bd7 {[%clk 1:30:43]} 7. Qc2
{[%clk 1:31:26]} O-O {[%clk 1:15:27]} 8. Bd2 {[%clk 1:24:29]} a5 {[%clk 1:06:30]}
9. a3 {[%clk 1:13:56]} Bxc3 {[%clk 1:03:48]} 10. Bxc3 {[%clk 1:14:08]} Qb8
{[%clk 0:53:33]} 11. cxd5 {[%clk 1:05:47]} exd5 {[%clk 0:53:19]} 12. Bd3
{[%clk 1:00:27]} h6 {[%clk 0:48:08]} 13. Ne5 {[%clk 0:57:18]} Qc8
{[%clk 0:43:37]} 14. O-O {[%clk 0:52:39]} Re8 {[%clk 0:41:12]} 15. f3
{[%clk 0:42:33]} Re7 {[%clk 0:39:09]} 16. b4 {[%clk 0:39:26]} Ne8
{[%clk 0:30:48]} 17. Nxc6 {[%clk 0:28:17]} Bxc6 {[%clk 0:30:56]} 18. e4
{[%clk 0:27:53]} axb4 {[%clk 0:29:28]} 19. Bxb4 {[%clk 0:26:50]} Rd7
{[%clk 0:28:39]} 20. e5 {[%clk 0:26:29]} Qb8 {[%clk 0:19:59]} 21. Qc5
{[%clk 0:19:17]} g6 {[%clk 0:12:34]} 22. Qf8+ {[%clk 0:14:49]} Kh7
{[%clk 0:13:02]} 23. Be7 {[%clk 0:14:03]} Ng7 {[%clk 0:11:28]} 24. Qxf7
{[%clk 0:13:04]} Qe8 {[%clk 0:11:56]} 25. Bxg6+ {[%clk 0:13:00]} Kh8
{[%clk 0:12:25]} 26. Qxe8+ {[%clk 0:12:07]} Nxe8 {[%clk 0:12:53]} 27. Bxe8
{[%clk 0:10:58]} Rxe8 {[%clk 0:13:22]} 28. Bf6+ {[%clk 0:11:17]} Kh7
{[%clk 0:13:32]} 29. f4 {[%clk 0:11:09]} Bb5 {[%clk 0:12:10]} 30. Rf3
{[%clk 0:09:01]} c5 {[%clk 0:10:49]} 31. f5 {[%clk 0:06:46]} Rf7 {[%clk 0:10:58]}
32. Rb1 {[%clk 0:05:27]} Be2 {[%clk 0:10:51]} 33. Rf4 {[%clk 0:04:45]} c4
{[%clk 0:10:40]} 34. Kf2 {[%clk 0:03:03]} Bd3 {[%clk 0:10:54]} 35. Rc1
{[%clk 0:02:35]} Ra8 {[%clk 0:09:23]} 36. Rc3 {[%clk 0:02:30]} Ra6
{[%clk 0:09:51]} 37. g4 {[%clk 0:01:43]} Rb6 {[%clk 0:09:50]} 38. e6
{[%clk 0:01:07]} Rxf6 {[%clk 0:08:58]} 39. e7 {[%clk 0:00:32]} Rb2+
{[%clk 0:08:43]} 40. Kf3 {[%clk 0:00:31]} Re2 {[%clk 0:09:09]} 41. h4 Rxe7
{[%clk 0:09:26]} 42. g5 {[%clk 0:00:34]} hxg5 {[%clk 0:09:44]} 43. hxg5
{[%clk 0:00:59]} Rxf5 {[%clk 0:09:47]} 44. Rxf5 {[%clk 0:00:59]} Bxf5
{[%clk 0:10:15]} 45. Kf4 {[%clk 0:01:20]} Kg6 {[%clk 0:10:28]} 46. a4
{[%clk 0:01:19]} Re4+ {[%clk 0:10:48]} 0-1

[Event "EYCC 2024 - G18"]
[Site "?"]
[Date "2024.08.28"]
[Round "6.2"]
[White "Karacsonyi, Kata"]
[Black "Skarbarchuk, Tetyana"]
[Result "1-0"]
[BlackElo "2037"]
[WhiteElo "2184"]
[LiveChessVersion "1.4.8"]

1. e4 {[%clk 1:30:57]} e6 {[%clk 1:30:48]} 2. d4 {[%clk 1:31:15]} d5
{[%clk 1:31:12]} 3. e5 {[%clk 1:31:26]} c5 {[%clk 1:31:15]} 4. c3
{[%clk 1:31:44]} Nc6 {[%clk 1:31:22]} 5. Nf3 {[%clk 1:31:53]} Qb6
{[%clk 1:31:18]} 6. Bd3 {[%clk 1:31:53]} cxd4 {[%clk 1:31:17]} 7. O-O
{[%clk 1:31:51]} Bd7 {[%clk 1:31:14]} 8. Re1 {[%clk 1:31:28]} Nge7
{[%clk 1:30:48]} 9. h4 {[%clk 1:31:17]} h6 {[%clk 1:26:32]} 10. Nbd2
{[%clk 1:31:02]} dxc3 {[%clk 1:25:20]} 11. bxc3 {[%clk 1:31:26]} Na5
{[%clk 1:23:40]} 12. Ba3 {[%clk 1:02:51]} Rc8 {[%clk 1:06:39]} 13. Rb1
{[%clk 0:56:33]} Qd8 {[%clk 1:02:56]} 14. Nd4 {[%clk 0:37:28]} a6
{[%clk 0:49:32]} 15. f4 {[%clk 0:15:54]} Nec6 {[%clk 0:27:06]} 16. Bxf8
{[%clk 0:13:44]} Kxf8 {[%clk 0:27:26]} 17. Qg4 {[%clk 0:10:06]} h5
{[%clk 0:18:47]} 18. Qg3 {[%clk 0:09:37]} Nxd4 {[%clk 0:17:53]} 19. cxd4
{[%clk 0:10:05]} g6 {[%clk 0:16:45]} 20. Nf3 {[%clk 0:08:07]} Rc3
{[%clk 0:15:25]} 21. Ng5 {[%clk 0:08:06]} Qe7 {[%clk 0:10:03]} 22. Re3
{[%clk 0:06:52]} b5 {[%clk 0:08:31]} 23. Rf3 {[%clk 0:01:37]} Nc6
{[%clk 0:07:08]} 24. Qe1 {[%clk 0:01:23]} Ra3 {[%clk 0:06:59]} 25. Qf2
{[%clk 0:01:14]} Nb4 {[%clk 0:06:05]} 26. Nxf7 {[%clk 0:01:14]} Nxd3
{[%clk 0:06:28]} 27. Nxh8 {[%clk 0:01:07]} Nxf2 {[%clk 0:05:46]} 28. Nxg6+
{[%clk 0:01:31]} Kf7 {[%clk 0:06:12]} 29. Nxe7 {[%clk 0:01:55]} Rxf3
{[%clk 0:06:32]} 30. gxf3 {[%clk 0:01:48]} Nh3+ {[%clk 0:06:38]} 31. Kh2
{[%clk 0:00:50]} Nxf4 {[%clk 0:07:02]} 32. Kg3 {[%clk 0:00:41]} Ne2+
{[%clk 0:06:55]} 33. Kf2 {[%clk 0:01:04]} Nxd4 {[%clk 0:05:23]} 34. Rd1
{[%clk 0:00:58]} Nxf3 {[%clk 0:01:38]} 35. Kxf3 {[%clk 0:00:44]} Kxe7
{[%clk 0:02:04]} 36. Kf4 {[%clk 0:00:44]} b4 {[%clk 0:00:33]} 37. Rg1
{[%clk 0:00:37]} Bb5 {[%clk 0:00:35]} 38. Rg7+ {[%clk 0:00:56]} Kf8
{[%clk 0:00:49]} 39. Rb7 {[%clk 0:01:12]} d4 {[%clk 0:00:49]} 40. Rb8+
{[%clk 0:00:49]} Ke7 {[%clk 0:01:04]} 41. Ke4 {[%clk 0:00:36]} d3
{[%clk 0:01:27]} 42. Ke3 {[%clk 0:00:58]} Kd7 {[%clk 0:00:49]} 43. Rh8
{[%clk 0:01:01]} Bc4 {[%clk 0:01:15]} 44. Rxh5 {[%clk 0:01:07]} Bxa2
{[%clk 0:01:30]} 45. Kxd3 {[%clk 0:01:20]} a5 {[%clk 0:01:03]} 46. Rh7+
{[%clk 0:00:42]} Kc6 {[%clk 0:01:19]} 47. Ra7 {[%clk 0:00:33]} Kb6
{[%clk 0:01:44]} 48. Ra8 {[%clk 0:00:48]} Bd5 {[%clk 0:01:53]} 49. Rb8+
{[%clk 0:00:46]} Ka7 {[%clk 0:00:46]} 50. Rb5 {[%clk 0:01:00]} Ka6
{[%clk 0:01:12]} 51. Rxd5 {[%clk 0:01:15]} exd5 {[%clk 0:01:32]} 52. e6
{[%clk 0:01:42]} 1-0

[Event "EYCC 2024 - G18"]
[Site "?"]
[Date "2024.08.28"]
[Round "6.3"]
[White "Deak-Sala, Emilia"]
[Black "Siekanska, Maria"]
[Result "0-1"]
[BlackElo "2097"]
[WhiteElo "2037"]
[LiveChessVersion "1.4.8"]

1. e4 {[%clk 1:30:58]} e5 {[%clk 1:30:56]} 2. Nf3 {[%clk 1:31:26]} Nc6
{[%clk 1:31:18]} 3. d4 {[%clk 1:31:53]} exd4 {[%clk 1:31:39]} 4. Nxd4
{[%clk 1:32:20]} Nf6 {[%clk 1:26:41]} 5. Nc3 {[%clk 1:32:47]} Bb4
{[%clk 1:25:42]} 6. Nxc6 {[%clk 1:33:03]} bxc6 {[%clk 1:22:06]} 7. Bd3
{[%clk 1:33:27]} d5 {[%clk 1:20:32]} 8. exd5 {[%clk 1:33:48]} Qe7+
{[%clk 1:20:03]} 9. Qe2 {[%clk 1:13:42]} Qxe2+ {[%clk 1:18:07]} 10. Bxe2
{[%clk 1:14:08]} cxd5 {[%clk 1:15:17]} 11. O-O {[%clk 1:14:12]} O-O
{[%clk 1:15:13]} 12. Bf4 {[%clk 1:10:48]} c6 {[%clk 1:13:04]} 13. a3
{[%clk 1:06:21]} Bxc3 {[%clk 1:07:25]} 14. bxc3 {[%clk 1:06:01]} Ne4
{[%clk 1:02:55]} 15. c4 {[%clk 0:56:08]} Ba6 {[%clk 0:58:14]} 16. Rfe1
{[%clk 0:46:30]} Nc3 {[%clk 0:56:04]} 17. Bd3 {[%clk 0:42:17]} Bxc4
{[%clk 0:50:36]} 18. Bxc4 {[%clk 0:35:02]} dxc4 {[%clk 0:51:04]} 19. Be5
{[%clk 0:31:08]} Nd5 {[%clk 0:50:35]} 20. Bd4 {[%clk 0:31:21]} a6
{[%clk 0:49:03]} 21. f3 {[%clk 0:30:20]} Rfe8 {[%clk 0:47:28]} 22. Kf2
{[%clk 0:27:13]} f6 {[%clk 0:44:03]} 23. g3 {[%clk 0:27:09]} Kf7 {[%clk 0:43:28]}
24. Rxe8 {[%clk 0:27:06]} Rxe8 {[%clk 0:43:26]} 25. Rb1 {[%clk 0:27:19]} Re7
{[%clk 0:37:46]} 26. a4 {[%clk 0:21:50]} Rd7 {[%clk 0:31:15]} 27. Rb8
{[%clk 0:18:38]} Ke6 {[%clk 0:28:41]} 28. Rc8 {[%clk 0:11:04]} Ne7
{[%clk 0:28:35]} 0-1

[Event "EYCC 2024 - G18"]
[Site "?"]
[Date "2024.08.28"]
[Round "6.4"]
[White "Tashkinova, Sofiia"]
[Black "Tokarz, Izabela"]
[Result "0-1"]
[BlackElo "1941"]
[WhiteElo "2093"]
[LiveChessVersion "1.4.8"]

1. e4 {[%clk 1:30:58]} d5 {[%clk 1:30:57]} 2. exd5 {[%clk 1:30:49]} Qxd5
{[%clk 1:31:21]} 3. Nc3 {[%clk 1:31:00]} Qd6 {[%clk 1:31:47]} 4. d3
{[%clk 1:28:02]} Nf6 {[%clk 1:31:23]} 5. Be2 {[%clk 1:27:33]} a6 {[%clk 1:27:48]}
6. Be3 {[%clk 1:26:34]} Nc6 {[%clk 1:17:47]} 7. f4 {[%clk 1:19:08]} e5
{[%clk 1:07:59]} 8. fxe5 {[%clk 1:16:40]} Qxe5 {[%clk 1:08:03]} 9. Qd2
{[%clk 1:11:27]} Bg4 {[%clk 0:57:02]} 10. Bf4 {[%clk 1:06:40]} Qe6
{[%clk 0:48:33]} 11. Bxc7 {[%clk 0:52:02]} Bc5 {[%clk 0:48:57]} 12. Bf4
{[%clk 0:48:15]} O-O {[%clk 0:49:18]} 13. h3 {[%clk 0:45:36]} Bxe2
{[%clk 0:45:44]} 14. Ngxe2 {[%clk 0:43:29]} b5 {[%clk 0:39:24]} 15. a3
{[%clk 0:40:36]} Rfe8 {[%clk 0:29:54]} 16. O-O-O {[%clk 0:30:19]} b4
{[%clk 0:30:21]} 17. axb4 {[%clk 0:30:32]} Bxb4 {[%clk 0:26:30]} 18. Bg5
{[%clk 0:25:49]} Nd5 {[%clk 0:25:07]} 19. Rde1 {[%clk 0:21:07]} Qd6
{[%clk 0:24:10]} 20. Bf4 {[%clk 0:17:55]} Qc5 {[%clk 0:24:25]} 21. d4 Qa5
{[%clk 0:23:55]} 22. Qd3 {[%clk 0:14:39]} Rxe2 {[%clk 0:22:49]} 23. Qxe2
{[%clk 0:13:37]} Nxc3 {[%clk 0:08:21]} 24. Qc4 {[%clk 0:01:57]} Ne2+
{[%clk 0:08:17]} 25. Kd1 {[%clk 0:00:43]} Nxf4 {[%clk 0:07:21]} 26. c3
{[%clk 0:00:50]} Qa4+ {[%clk 0:04:31]} 27. Kc1 {[%clk 0:01:05]} Qb5
{[%clk 0:04:44]} 28. Qxb5 {[%clk 0:00:36]} axb5 {[%clk 0:05:12]} 29. Re4
{[%clk 0:00:36]} Ra1+ {[%clk 0:04:40]} 30. Kd2 {[%clk 0:00:50]} Rxh1
{[%clk 0:05:04]} 31. cxb4 {[%clk 0:01:15]} Ne6 {[%clk 0:04:02]} 32. d5
{[%clk 0:01:32]} Ncd8 {[%clk 0:04:15]} 33. dxe6 {[%clk 0:01:49]} Nxe6
{[%clk 0:04:35]} 34. Re5 {[%clk 0:02:14]} Rg1 {[%clk 0:05:02]} 35. Rxb5
{[%clk 0:02:35]} Rxg2+ {[%clk 0:05:31]} 36. Kc3 {[%clk 0:02:19]} Kf8
{[%clk 0:05:54]} 37. Rb8+ {[%clk 0:02:43]} Ke7 {[%clk 0:06:23]} 38. b5
{[%clk 0:02:52]} Kd7 {[%clk 0:06:20]} 39. Rb7+ {[%clk 0:03:06]} Kd6
{[%clk 0:06:29]} 40. Rxf7 {[%clk 0:03:21]} Kc5 {[%clk 0:06:52]} 41. Re7
{[%clk 0:03:24]} Rg3+ {[%clk 0:07:18]} 42. Kd2 {[%clk 0:03:44]} Nd4
{[%clk 0:07:39]} 43. Re5+ {[%clk 0:03:15]} Kb6 {[%clk 0:08:04]} 44. Rh5
{[%clk 0:03:27]} h6 {[%clk 0:08:28]} 45. b4 {[%clk 0:02:04]} Nxb5
{[%clk 0:08:53]} 46. Ke2 {[%clk 0:02:19]} Nd4+ {[%clk 0:09:08]} 47. Kf2
{[%clk 0:02:42]} Rf3+ {[%clk 0:09:10]} 48. Kg2 {[%clk 0:03:00]} Rf6
{[%clk 0:09:29]} 49. Rd5 {[%clk 0:03:13]} Nc2 {[%clk 0:09:51]} 50. Kg3
{[%clk 0:02:03]} Nxb4 {[%clk 0:10:20]} 51. Rd7 {[%clk 0:02:14]} g6
{[%clk 0:10:48]} 52. Rh7 {[%clk 0:02:34]} h5 {[%clk 0:11:16]} 53. Kh4
{[%clk 0:02:49]} Nd3 {[%clk 0:10:13]} 54. Kg5 {[%clk 0:02:09]} Re6
{[%clk 0:10:42]} 55. Rf7 {[%clk 0:01:15]} Kc5 {[%clk 0:01:50]} 56. Rf6
{[%clk 0:01:10]} Rxf6 {[%clk 0:02:05]} 57. Kxf6 {[%clk 0:01:32]} Kd4
{[%clk 0:02:09]} 58. Kxg6 {[%clk 0:01:24]} Nf4+ {[%clk 0:02:37]} 59. Kg5
{[%clk 0:01:44]} Ke4 {[%clk 0:01:58]} 60. Kh4 {[%clk 0:01:16]} Kf5
{[%clk 0:01:59]} 61. Kg3 {[%clk 0:01:32]} Ng6 {[%clk 0:02:12]} 62. Kf3
{[%clk 0:01:53]} Kg5 {[%clk 0:02:29]} 63. Kg3 {[%clk 0:02:16]} Nh4
{[%clk 0:02:54]} 64. Kh2 {[%clk 0:02:34]} Kf4 {[%clk 0:03:19]} 65. Kg1
{[%clk 0:03:00]} Kg3 {[%clk 0:03:46]} 66. Kh1 {[%clk 0:03:23]} Kxh3
{[%clk 0:04:12]} 67. Kg1 {[%clk 0:03:48]} Kg3 {[%clk 0:04:19]} 68. Kh1
{[%clk 0:04:14]} Nf5 {[%clk 0:04:37]} 69. Kg1 {[%clk 0:04:38]} h4
{[%clk 0:05:00]} 70. Kh1 {[%clk 0:05:04]} Ne3 {[%clk 0:05:20]} 71. Kg1
{[%clk 0:05:29]} h3 {[%clk 0:05:26]} 0-1

[Event "EYCC 2024 - G18"]
[Site "?"]
[Date "2024.08.28"]
[Round "6.5"]
[White "Weersing, Abigail Riis"]
[Black "Manko, Mariia"]
[Result "1/2-1/2"]
[BlackElo "2159"]
[WhiteElo "1925"]
[LiveChessVersion "1.4.8"]

1. d4 {[%clk 1:30:58]} Nf6 {[%clk 1:30:53]} 2. c4 {[%clk 1:31:24]} e6
{[%clk 1:31:17]} 3. Nc3 {[%clk 1:31:49]} d5 {[%clk 1:31:41]} 4. Bg5
{[%clk 1:32:14]} Be7 {[%clk 1:31:59]} 5. Nf3 {[%clk 1:32:38]} h6 {[%clk 1:32:23]}
6. Bh4 {[%clk 1:33:03]} O-O {[%clk 1:32:42]} 7. e3 {[%clk 1:33:27]} Nbd7
{[%clk 1:33:06]} 8. Bd3 {[%clk 1:32:11]} c5 {[%clk 1:33:29]} 9. cxd5
{[%clk 1:32:14]} Nxd5 {[%clk 1:33:48]} 10. Bxe7 {[%clk 1:32:38]} Nxe7
{[%clk 1:34:12]} 11. O-O {[%clk 1:31:33]} b6 {[%clk 1:34:25]} 12. Be4
{[%clk 1:27:32]} Rb8 {[%clk 1:34:51]} 13. Qe2 {[%clk 1:24:28]} Nf6
{[%clk 1:21:21]} 14. dxc5 {[%clk 1:20:25]} Nxe4 {[%clk 1:08:50]} 15. Nxe4
{[%clk 1:20:47]} bxc5 {[%clk 0:51:05]} 16. b3 {[%clk 1:17:21]} Qd5
{[%clk 0:44:16]} 17. Qc4 {[%clk 1:07:55]} Qxc4 {[%clk 0:38:48]} 18. bxc4
{[%clk 1:08:21]} Bb7 {[%clk 0:28:26]} 19. Nd6 {[%clk 1:05:46]} Ba6
{[%clk 0:23:52]} 20. a4 {[%clk 0:46:00]} Nc6 {[%clk 0:21:26]} 21. Nb5
{[%clk 0:45:04]} Rfd8 {[%clk 0:14:53]} 22. Rfd1 {[%clk 0:42:29]} Kf8
{[%clk 0:13:31]} 23. Kf1 {[%clk 0:39:11]} Ke7 {[%clk 0:12:27]} 24. Ke2
{[%clk 0:38:43]} Bb7 {[%clk 0:11:10]} 25. Rxd8 {[%clk 0:31:38]} Rxd8
{[%clk 0:10:57]} 26. Rb1 {[%clk 0:27:55]} Nb4 {[%clk 0:09:19]} 27. Nd2
{[%clk 0:15:13]} Bxg2 {[%clk 0:05:47]} 28. f3 {[%clk 0:14:52]} a6
{[%clk 0:03:24]} 29. Nc3 {[%clk 0:14:53]} Bh3 {[%clk 0:03:18]} 30. Nb3
{[%clk 0:14:37]} Nd3 {[%clk 0:02:35]} 31. Rd1 {[%clk 0:11:21]} Nb2
{[%clk 0:01:24]} 32. Rxd8 {[%clk 0:11:42]} Kxd8 {[%clk 0:01:53]} 33. Nxc5
{[%clk 0:10:41]} Kc7 {[%clk 0:01:15]} 34. Nxa6+ {[%clk 0:09:52]} Kb6
{[%clk 0:01:39]} 35. Nb4 {[%clk 0:09:50]} Nxc4 {[%clk 0:02:01]} 36. Nd3
{[%clk 0:08:34]} e5 {[%clk 0:01:53]} 37. f4 {[%clk 0:05:49]} exf4
{[%clk 0:01:00]} 38. exf4 {[%clk 0:05:39]} Bd7 {[%clk 0:01:02]} 39. Kf3
{[%clk 0:05:12]} Bc6+ {[%clk 0:01:02]} 40. Kg3 {[%clk 0:04:44]} Ka5
{[%clk 0:01:00]} 41. h4 {[%clk 0:03:18]} h5 {[%clk 0:01:01]} 42. Ne2
{[%clk 0:02:37]} Kxa4 {[%clk 0:00:57]} 43. Nd4 {[%clk 0:02:50]} Bd5
{[%clk 0:01:11]} 44. Nf5 {[%clk 0:02:41]} g6 {[%clk 0:01:21]} 45. Ne7
{[%clk 0:03:01]} Ba8 {[%clk 0:00:50]} 46. f5 {[%clk 0:02:24]} gxf5
{[%clk 0:00:52]} 47. Nxf5 {[%clk 0:02:50]} Kb3 {[%clk 0:00:54]} 48. Ng7
{[%clk 0:02:17]} Kc3 {[%clk 0:01:02]} 49. Nf4 {[%clk 0:02:30]} Kd4
{[%clk 0:00:58]} 50. Ngxh5 {[%clk 0:02:20]} 1/2-1/2

[Event "EYCC 2024 - G18"]
[Site "?"]
[Date "2024.08.28"]
[Round "6.6"]
[White "Ter-Avetisjana, Agnesa Stepania"]
[Black "Hoanca, Alexia-Ioana"]
[Result "1-0"]
[BlackElo "1966"]
[WhiteElo "2089"]
[LiveChessVersion "1.4.8"]

1. e4 {[%clk 1:30:58]} c6 {[%clk 1:30:56]} 2. Nf3 {[%clk 1:31:20]} d5
{[%clk 1:31:20]} 3. d3 {[%clk 1:31:45]} Bg4 {[%clk 1:30:41]} 4. h3
{[%clk 1:31:00]} Bxf3 {[%clk 1:31:05]} 5. Qxf3 {[%clk 1:31:24]} e6
{[%clk 1:31:20]} 6. g3 {[%clk 1:31:41]} Nf6 {[%clk 1:29:01]} 7. Bg2
{[%clk 1:31:54]} Be7 {[%clk 1:25:39]} 8. O-O {[%clk 1:31:11]} O-O
{[%clk 1:26:04]} 9. Qe2 {[%clk 1:31:32]} c5 {[%clk 1:23:13]} 10. e5
{[%clk 1:25:34]} Nfd7 {[%clk 1:22:11]} 11. f4 {[%clk 1:24:23]} Nc6
{[%clk 1:20:55]} 12. c3 {[%clk 1:24:37]} b5 {[%clk 1:13:03]} 13. Nd2
{[%clk 1:04:26]} Rc8 {[%clk 1:04:57]} 14. Nf3 {[%clk 0:58:19]} c4
{[%clk 0:50:11]} 15. d4 {[%clk 0:50:33]} b4 {[%clk 0:47:07]} 16. g4
{[%clk 0:45:15]} Re8 {[%clk 0:37:47]} 17. f5 {[%clk 0:41:33]} Nf8
{[%clk 0:37:11]} 18. Qf2 {[%clk 0:35:20]} Qd7 {[%clk 0:25:59]} 19. Ng5
{[%clk 0:27:37]} Bxg5 {[%clk 0:16:36]} 20. Bxg5 {[%clk 0:27:28]} bxc3
{[%clk 0:11:42]} 21. bxc3 {[%clk 0:27:46]} exf5 {[%clk 0:10:04]} 22. gxf5
{[%clk 0:26:54]} Rb8 {[%clk 0:09:39]} 23. Qg3 {[%clk 0:19:06]} Rb6
{[%clk 0:04:31]} 24. Bf6 {[%clk 0:16:36]} g6 {[%clk 0:03:36]} 25. Qg5
{[%clk 0:16:30]} Nd8 {[%clk 0:02:09]} 26. Qh6 {[%clk 0:16:36]} Nde6
{[%clk 0:02:11]} 27. fxe6 {[%clk 0:16:59]} Nxe6 {[%clk 0:02:37]} 28. Rf4
{[%clk 0:15:54]} 1-0

[Event "EYCC 2024 - G18"]
[Site "?"]
[Date "2024.08.28"]
[Round "6.7"]
[White "Keskin, Elif"]
[Black "Blokhin, Sofia"]
[Result "1/2-1/2"]
[BlackElo "2052"]
[WhiteElo "1790"]
[LiveChessVersion "1.4.8"]

1. d4 {[%clk 1:30:57]} f5 {[%clk 1:30:55]} 2. Bg5 {[%clk 1:31:22]} h6
{[%clk 1:31:19]} 3. Bh4 {[%clk 1:31:39]} g5 {[%clk 1:31:40]} 4. e3
{[%clk 1:31:53]} Nf6 {[%clk 1:31:53]} 5. Bg3 {[%clk 1:32:08]} d6 {[%clk 1:32:03]}
6. Nc3 {[%clk 1:30:58]} e6 {[%clk 1:31:38]} 7. h4 {[%clk 1:28:04]} Rg8
{[%clk 1:25:15]} 8. hxg5 {[%clk 1:26:15]} hxg5 {[%clk 1:25:38]} 9. Be2
{[%clk 1:23:52]} Qe7 {[%clk 1:20:04]} 10. Qd2 {[%clk 1:12:33]} Bd7
{[%clk 1:09:42]} 11. O-O-O {[%clk 1:07:25]} c6 {[%clk 1:05:19]} 12. f3
{[%clk 0:58:49]} Bg7 {[%clk 0:53:05]} 13. e4 {[%clk 0:53:53]} f4 {[%clk 0:47:18]}
14. Bf2 {[%clk 0:53:16]} Rh8 {[%clk 0:43:47]} 15. Rxh8+ {[%clk 0:52:04]} Bxh8
{[%clk 0:44:13]} 16. Nh3 {[%clk 0:49:07]} Nh5 {[%clk 0:39:30]} 17. d5
{[%clk 0:42:48]} cxd5 {[%clk 0:29:15]} 18. exd5 {[%clk 0:42:19]} Bxc3
{[%clk 0:26:35]} 19. Qxc3 {[%clk 0:42:04]} e5 {[%clk 0:25:39]} 20. Qb3
{[%clk 0:36:17]} Bc8 {[%clk 0:21:24]} 21. Bb5+ {[%clk 0:28:23]} Kf7
{[%clk 0:20:39]} 22. Qd3 {[%clk 0:26:23]} Kg7 {[%clk 0:14:44]} 23. Rh1
{[%clk 0:22:44]} Bxh3 {[%clk 0:08:25]} 24. gxh3 {[%clk 0:20:36]} a6
{[%clk 0:08:11]} 25. Bc4 {[%clk 0:20:27]} b5 {[%clk 0:08:26]} 26. Bb3
{[%clk 0:20:47]} Nd7 {[%clk 0:07:20]} 27. h4 {[%clk 0:17:46]} e4 {[%clk 0:05:38]}
28. Bd4+ {[%clk 0:16:16]} Kf7 {[%clk 0:05:17]} 29. fxe4 {[%clk 0:15:33]} Ng3
{[%clk 0:04:28]} 30. Re1 {[%clk 0:14:49]} Ne5 {[%clk 0:03:38]} 31. Bxe5
{[%clk 0:14:33]} Qxe5 {[%clk 0:04:03]} 32. hxg5 {[%clk 0:14:20]} Rg8
{[%clk 0:04:13]} 33. Qf3 {[%clk 0:13:09]} Rxg5 {[%clk 0:04:17]} 34. c3
{[%clk 0:12:21]} Rg8 {[%clk 0:04:04]} 35. Bc2 {[%clk 0:11:53]} a5
{[%clk 0:03:48]} 36. Qf2 {[%clk 0:11:26]} Kf6 {[%clk 0:03:06]} 37. Qf3
{[%clk 0:09:08]} 1/2-1/2

[Event "EYCC 2024 - G18"]
[Site "?"]
[Date "2024.08.28"]
[Round "6.8"]
[White "Deladerriere, Calypso"]
[Black "Muradyan, Anahit"]
[Result "0-1"]
[BlackElo "1753"]
[WhiteElo "2044"]
[LiveChessVersion "1.4.8"]

1. e4 {[%clk 1:30:55]} c5 {[%clk 1:30:51]} 2. Nf3 {[%clk 1:31:12]} e6
{[%clk 1:31:15]} 3. d4 {[%clk 1:31:32]} cxd4 {[%clk 1:31:42]} 4. Nxd4
{[%clk 1:31:45]} a6 {[%clk 1:32:09]} 5. Be3 {[%clk 1:28:54]} Qc7 {[%clk 1:32:08]}
6. a3 {[%clk 1:27:52]} Nf6 {[%clk 1:31:57]} 7. Nc3 {[%clk 1:28:09]} b5
{[%clk 1:31:21]} 8. g3 {[%clk 1:26:38]} b4 {[%clk 1:29:16]} 9. axb4
{[%clk 1:16:33]} Bxb4 {[%clk 1:29:40]} 10. Ndb5 {[%clk 1:10:42]} Qc6
{[%clk 1:27:14]} 11. Qd4 {[%clk 1:10:51]} a5 {[%clk 1:16:14]} 12. Qb6
{[%clk 1:06:01]} O-O {[%clk 1:11:53]} 13. Qxc6 {[%clk 1:03:32]} Nxc6
{[%clk 1:11:53]} 14. Bd2 {[%clk 1:00:30]} Rb8 {[%clk 1:10:13]} 15. f4
{[%clk 0:54:52]} e5 {[%clk 1:02:23]} 16. Bd3 {[%clk 0:52:35]} Ba6
{[%clk 0:59:48]} 17. Na3 {[%clk 0:46:29]} Bxd3 {[%clk 0:58:28]} 18. cxd3
{[%clk 0:46:54]} Nd4 {[%clk 0:58:09]} 19. O-O {[%clk 0:46:51]} Bc5
{[%clk 0:57:35]} 20. Kh1 {[%clk 0:44:20]} Rxb2 {[%clk 0:55:13]} 21. Nc4
{[%clk 0:41:21]} Rc2 {[%clk 0:55:15]} 22. Na4 {[%clk 0:40:09]} Ba7
{[%clk 0:51:25]} 23. fxe5 {[%clk 0:39:18]} Nxe4 {[%clk 0:48:51]} 24. Be3
{[%clk 0:37:50]} f6 {[%clk 0:24:52]} 25. Nab6 {[%clk 0:27:48]} Nb3
{[%clk 0:22:27]} 26. Ra3 {[%clk 0:25:02]} Nbd2 {[%clk 0:19:07]} 27. Rf4
{[%clk 0:21:16]} Nxc4 {[%clk 0:12:10]} 28. dxc4 {[%clk 0:16:32]} Bxb6
{[%clk 0:10:16]} 29. Bxb6 {[%clk 0:16:11]} Rb8 {[%clk 0:06:24]} 30. Bg1
{[%clk 0:15:46]} Rxc4 {[%clk 0:04:59]} 31. exf6 {[%clk 0:15:13]} gxf6
{[%clk 0:05:24]} 32. Rxa5 {[%clk 0:13:15]} Rb1 {[%clk 0:05:31]} 33. Kg2
{[%clk 0:11:41]} Rc2+ {[%clk 0:05:56]} 34. Bf2 {[%clk 0:11:07]} Nxf2
{[%clk 0:05:07]} 35. Rxf2 {[%clk 0:11:31]} Rxf2+ {[%clk 0:05:29]} 36. Kxf2
{[%clk 0:11:58]} Rb2+ {[%clk 0:05:55]} 37. Kf3 {[%clk 0:12:17]} Kf7
{[%clk 0:06:03]} 38. Rh5 {[%clk 0:12:19]} Kg6 {[%clk 0:06:27]} 39. Rd5
{[%clk 0:12:45]} Rb7 {[%clk 0:06:48]} 40. Kf4 {[%clk 0:12:25]} Kg7
{[%clk 0:05:24]} 41. Kg4 {[%clk 0:11:16]} Kf8 {[%clk 0:05:12]} 42. Rf5
{[%clk 0:09:47]} Rb6 {[%clk 0:04:02]} 43. Rh5 {[%clk 0:08:54]} Kg7
{[%clk 0:03:52]} 44. Rd5 {[%clk 0:09:19]} d6 {[%clk 0:04:04]} 45. Kf4
{[%clk 0:07:27]} Rc6 {[%clk 0:03:40]} 46. Kg4 {[%clk 0:07:46]} Kf7
{[%clk 0:03:07]} 47. Rh5 {[%clk 0:07:37]} Kg6 {[%clk 0:03:31]} 48. Rd5
{[%clk 0:08:00]} h5+ {[%clk 0:03:07]} 49. Kh4 {[%clk 0:04:06]} f5
{[%clk 0:03:26]} 50. Rd4 {[%clk 0:04:17]} Kf6 {[%clk 0:02:22]} 51. Kxh5
{[%clk 0:04:36]} Ke5 {[%clk 0:02:47]} 52. Rf4 {[%clk 0:04:37]} Rc8
{[%clk 0:03:01]} 53. Kg6 {[%clk 0:04:00]} Rg8+ {[%clk 0:03:09]} 54. Kf7
{[%clk 0:04:26]} Rg4 {[%clk 0:02:43]} 55. Rf3 {[%clk 0:02:33]} d5
{[%clk 0:02:42]} 56. h4 {[%clk 0:02:33]} Ke4 {[%clk 0:02:45]} 57. Ra3
{[%clk 0:02:02]} f4 {[%clk 0:02:25]} 58. gxf4 {[%clk 0:00:50]} Rxf4+
{[%clk 0:02:52]} 59. Ke6 {[%clk 0:00:43]} Rxh4 {[%clk 0:03:18]} 60. Kd6
{[%clk 0:01:02]} Rh1 {[%clk 0:02:52]} 61. Rg3 {[%clk 0:00:37]} d4
{[%clk 0:02:49]} 0-1